000 01174nam2a2200265 4500
001 RU\NLR\bibl\327780
005 20250621144105.0
010 _a5-8459-0082-4
_95000
035 _a(NLR Aleph) 000322767
090 _a107700
_c107700
100 _a20021028d2001 |||y0rusy50 ca
101 1 _arus
_ceng
102 _aRU
_aUA
105 _aa |||||||||
200 1 _aСортировка и поиск
_dSorting and Searcting
_f[Пер. с англ. и ред. кандидатов техн. наук В.Т. Тертышного, И.В. Красикова]
210 _d2001
_aБ. м.
215 _a822 с.
_cил.
320 _aПредм.-имен. указ.: с. 804-822
461 0 _1001RU\NLR\bibl\386616
_12001#$aИскусство программирования$vТ. 3
_9455365
_aКнут, Д. Э.
_cМ. и др.
_d2001
_e2-е изд.,[испр. и доп.]
_fДоналд Э. Кнут
_nВильямс
_o[В 3 т. : Учеб. пособие]
_tИскусство программирования
_vТ. 3
510 0 _aSorting and Searcting
_zeng
801 0 _aRU
_bNLR
_c20021028
_gPSBO
801 1 _aRU
_bNLR
_c20021028
942 _cBOOK
980 _aNB